000 00522nam a2200193 a 4500
001 1771067063775
003 YourLibrary
005 20260214163806.0
008 260214s2006##################000#0#eng##
020 _a9780691086750
082 0 4 _a306.6097
_bEDG
100 1 _aEdgell, Penny,
_eauthor.
245 1 0 _aReligion and Family in a Changing Society :
260 _bPrinceton University Press,
_c2006.
300 _a225 pages
650 0 _aReligion.
942 _cENGLISH
040 _aYourLibrary
_beng
_cYourLibrary
999 _c612558
_d612558